Kỳ diệu dàn hòa tấu nội tiết
Cung cấp những kiến thức cơ bản về cơ chế hoạt động của hệ nội tiết; bao gồm các tuyến và các hormon như tuyến giáp trạng, cristina và oprah, các tuyến thượng thận, lá nhau, tuyến tuỵ...
Tallennettuna:
| Päätekijä: | |
|---|---|
| Aineistotyyppi: | Kirja |
| Kieli: | Undetermined |
| Julkaistu: |
Thành phố Hồ Chí Minh
Tổng hợp Thành phố Hồ Chí Minh
2015
|
| Aiheet: | |
| Tagit: |
Lisää tagi
Ei tageja, Lisää ensimmäinen tagi!
|
| Thư viện lưu trữ: | Trung tâm Học liệu Trường Đại học Cần Thơ |
|---|
| LEADER | 00962nam a2200217Ia 4500 | ||
|---|---|---|---|
| 001 | CTU_207199 | ||
| 008 | 210402s9999 xx 000 0 und d | ||
| 020 | |c 50000 | ||
| 082 | |a 616.4 | ||
| 082 | |b H513 | ||
| 100 | |a Nguyễn, Chấn Hùng | ||
| 245 | 0 | |a Kỳ diệu dàn hòa tấu nội tiết | |
| 245 | 0 | |c Nguyễn Chấn Hùng | |
| 260 | |a Thành phố Hồ Chí Minh | ||
| 260 | |b Tổng hợp Thành phố Hồ Chí Minh | ||
| 260 | |c 2015 | ||
| 520 | |a Cung cấp những kiến thức cơ bản về cơ chế hoạt động của hệ nội tiết; bao gồm các tuyến và các hormon như tuyến giáp trạng, cristina và oprah, các tuyến thượng thận, lá nhau, tuyến tuỵ... | ||
| 650 | |a Endocrine glands,Tuyến nội tiết | ||
| 650 | |x Diseases,Bệnh | ||
| 910 | |a Hải | ||
| 980 | |a Trung tâm Học liệu Trường Đại học Cần Thơ | ||